| 000 | 00000nam 2200000za 4500 |
| 001 | 9.633626 |
| 003 | CaOODSP |
| 005 | 20221104105554 |
| 007 | cr ||||||||||| |
| 008 | 150407s2007 abc|||||o f|0| 0 fre d |
| 020 | |a978-0-662-73291-4 |
| 040 | |aCaOODSP|bfre |
| 043 | |an-cn--- |
| 086 | 1 |aR63-260/2007F-PDF |
| 110 | 2 |aParcs Canada. |
| 245 | 10|aGuide du visiteur de l'arrière-pays - Parc national du Canada Banff |h[ressource électronique]. |
| 260 | |aBanff - Alberta : |bParcs Canada, |c[2007]. |
| 300 | |a2 p. : |bfigure, carte, photographies. |
| 500 | |aLe n° de catalogue (R63-260/2007F) et l'ISBN (978-0-662-73290-7) de l'édition imprimée ont été incorrectement copiés dans l'édition électronique. |
| 590 | |a14-16-Supp|b2014-09-25 |
| 691 | 07|aParc national|2gcpds |
| 775 | 08|tBackcountry visitors' guide - Banff National Park of Canada |w(CaOODSP)9.689206 |
| 795 | |tGuide du visiteur de l'arrière-pays - Parc national de Banff |w(CaOODSP)9.630872 |
| 856 | 40|ahttp://publications.gc.ca|qPDF|s683 Ko|uhttps://publications.gc.ca/collections/collection_2014/pc/R63-260-2007-fra.pdf |